Statistics for USA-Canada Transborder Metropolitan

Click here to take the quiz!

General Stats

  • This quiz has been taken 30 times
  • The average score is 6 of 10

Answer Stats

Answer% Correct
Vancouver + Fraser Valley (Abbotsford, Chilliwack, Mission...)
97%
Detroit
93%
Niagara Region (St. Catharines, Niagara Falls, Welland...)
90%
Windsor
90%
Buffalo
86%
Bellingham
48%
Sault Ste. Marie
48%
Sault Ste. Marie
48%
Port Huron
17%
Sarnia
14%

Score Distribution

Percentile by Number Answered

Percent of People with Each Score

Your Score History

You have not taken this quiz